Normal view
MARC view
- Hamming Richard W
Entry Personal Name
001 - CONTROL NUMBER
- control field: 113915
003 - CONTROL NUMBER IDENTIFIER
- control field: NUST
005 - DATE AND TIME OF LATEST TRANSACTION
- control field: 20230802200224.0
008 - FIXED-LENGTH DATA ELEMENTS
- fixed length control field: 230802|| aca||aabn | a|a d
040 ## - CATALOGING SOURCE
- Original cataloging agency: NUST
- Transcribing agency: NUST
100 ## - HEADING--PERSONAL NAME
- Personal name: Hamming Richard W
670 ## - SOURCE DATA FOUND
- Source citation: Work cat.: (NUST): Hamming Richard W, Methods of Mathematics Applied to Calculus, Probability, and Statistics, 2004.
